000 01422cam a2200433 a 4500
001 4266
003 FISKH
005 20241028160419.0
008 040402s2005 nyua b 000 1 eng
010 _a 2004006237
020 _a0060583436
020 _a9780060583446
020 _a0060583444 (lib. bdg.)
040 _aDLC
_cDLC
_dDLC
_beng
042 _alcac
050 _aPZ7.B4483
082 _a813.6
100 1 _aBerenstain, Stan,
_d1923-2005.
245 1 4 _aThe Berenstain Bears' new pup /
_cStan & Jan Berenstain.
260 _aNew York :
_bHarperCollins,
_c2005.
300 _a28 unnumbered pages :
_bcolor illustrations ;
_c23 cm
440 3 _aAn I can read book
500 _a"Beginning reading 1"
500 _a"I can read!"
505 _aI
520 _aMama, Sister, and Brother are excited about the puppy they bring home from Farmer Ben's farm, even though she takes a lot of care.
521 _a460
_bLexile estimate
521 _aI
_bRaz-Plus
650 1 _aPets
_vFiction.
650 1 _aDogs
_vFiction.
650 1 _aAnimals
_xInfancy
_vFiction.
650 1 _aResponsibility
_vFiction.
650 1 _aBears
_vFiction.
700 1 _aBerenstain, Jan,
_d1923-2012.
_eAuthor
906 _a7
_bcbc
_corignew
_d1
_eecip
_f20
_gy-gencatlg
942 _2ddc
_cBK
_n0
999 _c4266
_d4266